Československé pozemkové právo

Uložené v:
Podrobná bibliografia
Hlavný autor: Kolesár, Juraj
Médium: Kniha
Jazyk:Czech
Vydavateľské údaje: Praha Panorama 1987
Vydanie:1. vyd.
Edícia:Učebnice
Tagy: Pridať tag
Žiadne tagy, Buďte prvý, kto otaguje tento záznam!

MARC

LEADER 00000nam a2200000 4500
001 c024771
005 20221219105923.9
041 0 |a cze 
044 |a CZ 
245 1 0 |a Československé pozemkové právo  |c Juraj Kolesár a kol. 
250 |a 1. vyd. 
264 1 |a Praha  |b Panorama  |c 1987 
300 |a 252 s. 
490 1 |a Učebnice 
830 0 |a Učebnice 
100 1 |a Kolesár, Juraj